000 00230nam a2200097Ia 4500
005 20251222114350.0
008 251222s1900||||xx |||||||||||||| ||spa||
082 _aDVD0180/K87/1980
245 0 _aEl resplandor:The shining
942 _cDVD
999 _c1206
_d1206